[Event "AUT-chT2M 0708"]
[Site "Austria"]
[Date "2008.01.27"]
[Round "7.4"]
[White "Kilgus, Georg"]
[Black "Weber, Christoph"]
[Result "1/2-1/2"]
[WhiteElo "2354"]
[BlackElo "2194"]
[PlyCount "58"]
[EventDate "2007.10.13"]
[EventType "team"]
[EventRounds "11"]
[EventCountry "AUT"]
[SourceTitle "EXT 2009"]
[Source "ChessBase"]
[SourceDate "2008.11.26"]
[SourceVersion "1"]
[SourceVersionDate "2008.11.26"]
[SourceQuality "1"]
[WhiteTeam "Fuerstenfeld"]
[BlackTeam "Frauental"]
[WhiteTeamCountry "AUT"]
[BlackTeamCountry "AUT"]

1. d4 Nf6 2. c4 e6 3. Nf3 b6 4. g3 Ba6 5. Nbd2 d5 6. Bg2 Be7 7. 0-0 0-0 8. Qc2 c5 9. dxc5 bxc5 10. e4 Nc6 11. cxd5 exd5 12. Re1 Re8 13. Qa4 Bb7 14. exd5 Nxd5 15. Nc4 Nb6 16. Nxb6 Qxb6 17. Be3 Bf6 18. Rac1 Nb4 19. Red1 Nd5 20. Bd2 Qa6 21. Qxa6 Bxa6 22. Bg5 Bxg5 23. Nxg5 Nf6 24. Ne4 Nxe4 25. Bxe4 Rxe4 26. f3 Re7 27. b4 c4 28. a4 g6 29. b5 Bc8 1/2-1/2

[Event "AUT-chT2M 0708"]
[Site "Austria"]
[Date "2008.01.26"]
[Round "6.6"]
[White "Pfaffel, Thomas"]
[Black "Weber, Christoph"]
[Result "1/2-1/2"]
[WhiteElo "2192"]
[BlackElo "2194"]
[PlyCount "62"]
[EventDate "2007.10.13"]
[EventType "team"]
[EventRounds "11"]
[EventCountry "AUT"]
[SourceTitle "EXT 2009"]
[Source "ChessBase"]
[SourceDate "2008.11.26"]
[SourceVersion "1"]
[SourceVersionDate "2008.11.26"]
[SourceQuality "1"]
[WhiteTeam "Graz Austria"]
[BlackTeam "Frauental"]
[WhiteTeamCountry "AUT"]
[BlackTeamCountry "AUT"]

1. e4 c5 2. Nf3 d6 3. d4 cxd4 4. Nxd4 Nf6 5. Nc3 g6 6. Be3 Bg7 7. f3 Nc6 8. Qd2 0-0 9. 0-0-0 d5 10. exd5 Nxd5 11. Nxc6 bxc6 12. Bd4 e5 13. Bc5 Be6 14. Ne4 Re8 15. h4 Rb8 16. c4 Nb6 17. Qxd8 Rexd8 18. Rxd8+ Rxd8 19. b3 Bf5 20. Be3 Bxe4 21. fxe4 f5 22. g3 fxe4 23. Be2 Bf6 24. Rd1 Kf7 25. Rxd8 Bxd8 26. Bf1 Be7 27. Bg2 c5 28. Bxe4 Ke6 29. Bf2 Nd7 30. Kd2 Nb6 31. Bf3 Nd7 1/2-1/2

[Event "AUT-chT2M 0708"]
[Site "Austria"]
[Date "2008.01.25"]
[Round "5.6"]
[White "Weber, Christoph"]
[Black "Kastner, Walter"]
[Result "1/2-1/2"]
[WhiteElo "2194"]
[BlackElo "2237"]
[PlyCount "33"]
[EventDate "2007.10.13"]
[EventType "team"]
[EventRounds "11"]
[EventCountry "AUT"]
[SourceTitle "EXT 2009"]
[Source "ChessBase"]
[SourceDate "2008.11.26"]
[SourceVersion "1"]
[SourceVersionDate "2008.11.26"]
[SourceQuality "1"]
[WhiteTeam "Frauental"]
[BlackTeam "Graz Strassenbahn"]
[WhiteTeamCountry "AUT"]
[BlackTeamCountry "AUT"]

1. e4 e5 2. Nf3 Nc6 3. Bb5 a6 4. Ba4 Nf6 5. 0-0 Be7 6. Re1 b5 7. Bb3 d6 8. h3 0-0 9. c3 Bb7 10. d4 Re8 11. Bg5 h6 12. Bh4 Nd7 13. Bxe7 Nxe7 14. Nbd2 c5 15. Nf1 c4 16. Bc2 Qc7 17. Ng3 1/2-1/2

[Event "EU-ch U16 17th"]
[Site "Sibenik"]
[Date "2007.09.18"]
[Round "5"]
[White "Weber, Christoph"]
[Black "Sucic, Domagoy"]
[Result "1/2-1/2"]
[WhiteElo "2131"]
[BlackElo "1967"]
[PlyCount "134"]
[EventDate "2007.09.14"]
[EventType "swiss"]
[EventRounds "9"]
[EventCountry "CRO"]
[SourceTitle "CBM 120 Extra"]
[Source "ChessBase"]
[SourceDate "2007.11.01"]
[SourceVersion "1"]
[SourceVersionDate "2007.11.01"]
[SourceQuality "1"]

1. e4 c5 2. Nf3 e6 3. d4 cxd4 4. Nxd4 Nf6 5. Nc3 Nc6 6. Ndb5 Bb4 7. a3 Bxc3+ 8. Nxc3 d5 9. exd5 exd5 10. Bd3 0-0 11. 0-0 d4 12. Ne2 Bg4 13. f3 Bh5 14. Nf4 Bg6 15. Nxg6 hxg6 16. Bg5 Qd6 17. f4 Ne7 18. Qf3 Nf5 19. Qh3 Qd5 20. Bxf5 Qxf5 21. Qxf5 gxf5 22. Bxf6 gxf6 23. Rfe1 Rfc8 24. Re2 Rc7 25. Rd1 Rac8 26. Rdd2 Rc4 27. g3 b5 28. Kf2 a5 29. Ke1 a4 30. Rd1 b4 31. Rd3 Rxc2 32. Rxd4 Rc1+ 33. Kf2 bxa3 34. bxa3 Ra8 35. Red2 Rc3 36. R4d3 Rc4 37. Rd8+ Rxd8 38. Rxd8+ Kg7 39. Ke3 Rc2 40. Rd4 Rxh2 41. Rxa4 Rg2 42. Kf3 Ra2 43. Ra8 Kg6 44. a4 Kh5 45. a5 Ra3+ 46. Kf2 Kg4 47. Rg8+ Kh5 48. Rh8+ Kg6 49. Ra8 Ra2+ 50. Ke3 Ra3+ 51. Kd4 Kh5 52. a6 Kg4 53. a7 Kf3 54. Kc5 Ra1 55. Kd6 Ra6+ 56. Ke7 Kxg3 57. Rg8+ Kxf4 58. a8Q Rxa8 59. Rxa8 Kg3 60. Ra3+ Kg2 61. Ra4 Kg3 62. Kxf6 f4 63. Kf5 f3 64. Rg4+ Kh2 65. Rf4 Kg2 66. Rg4+ Kh2 67. Rf4 Kg2 1/2-1/2

[Event "EU-ch U16 17th"]
[Site "Sibenik"]
[Date "2007.09.15"]
[Round "2"]
[White "Rubil, Marko"]
[Black "Weber, Christoph"]
[Result "0-1"]
[WhiteElo "2005"]
[BlackElo "2131"]
[PlyCount "128"]
[EventDate "2007.09.14"]
[EventType "swiss"]
[EventRounds "9"]
[EventCountry "CRO"]
[SourceTitle "CBM 120 Extra"]
[Source "ChessBase"]
[SourceDate "2007.11.01"]
[SourceVersion "1"]
[SourceVersionDate "2007.11.01"]
[SourceQuality "1"]

1. e4 c5 2. Nf3 e6 3. d4 cxd4 4. Nxd4 a6 5. Bd3 Qc7 6. 0-0 Nf6 7. Qe2 d6 8. c4 Nbd7 9. f4 Be7 10. Kh1 b6 11. Nc3 Bb7 12. Bd2 h5 13. Be1 h4 14. Rf3 Nh5 15. Qd2 g5 16. fxg5 Ne5 17. Rh3 Ng6 18. Nde2 Qd8 19. Bf2 Bxg5 20. Be3 Bxe3 21. Qxe3 Qc7 22. Na4 Bc6 23. Nxb6 Rb8 24. Nd5 Qa5 25. b3 Rxb3 26. Rf1 Rxd3 27. Qxd3 exd5 28. exd5 Bd7 29. Re3+ Kd8 30. Qb3 Qc5 31. Rxf7 Ne5 32. Rf1 Ng3+ 33. Nxg3 hxg3 34. Rxg3 Kc7 35. Rg7 Rb8 36. Qc3 Rb4 37. Qa3 a5 38. h3 Kb6 39. Qg3 Qxc4 40. Re1 Qxd5 41. Qf2+ Ka6 42. Qf1+ Qb5 43. Qf6 Qc6 44. Rd1 Nc4 45. a3 Rb3 46. Kh2 a4 47. Rc1 d5 48. Qf7 Qd6+ 49. Kh1 Ne5 50. Qf1+ Bb5 51. Qf4 Qxa3 52. Qxe5 Qxc1+ 53. Kh2 Bc6 54. Qd4 Rb6 55. Qd3+ Qc4 56. Qf5 Bb7 57. Qe5 a3 58. Rg4 Qb3 59. Qe2+ Ka7 60. Rg3 Qb2 61. Qe7 Ra6 62. Qc5+ Qb6 63. Qf8 a2 64. Rg8 Qd6+ 0-1

[Event "EU-ch U16 17th"]
[Site "Sibenik"]
[Date "2007.09.14"]
[Round "1"]
[White "Weber, Christoph"]
[Black "Georgescu, Tiberiu Marian"]
[Result "0-1"]
[WhiteElo "2131"]
[BlackElo "2385"]
[PlyCount "48"]
[EventDate "2007.09.14"]
[EventType "swiss"]
[EventRounds "9"]
[EventCountry "CRO"]
[SourceTitle "CBM 120 Extra"]
[Source "ChessBase"]
[SourceDate "2007.11.01"]
[SourceVersion "1"]
[SourceVersionDate "2007.11.01"]
[SourceQuality "1"]

1. e4 c5 2. Nf3 d6 3. Nc3 Nf6 4. d4 cxd4 5. Nxd4 g6 6. Be3 Bg7 7. f3 0-0 8. Qd2 Nc6 9. Bc4 Bd7 10. 0-0-0 Rb8 11. h4 Na5 12. Bb3 b5 13. Bh6 Bxh6 14. Qxh6 e5 15. Nde2 b4 16. Nd5 Nxb3+ 17. axb3 Nxd5 18. Rxd5 Rb6 19. h5 g5 20. Rxd6 f6 21. Rhd1 Rxd6 22. Rxd6 Qe7 23. Rd2 a5 24. g3 Bb5 0-1

[Event "Graz op"]
[Site "Graz"]
[Date "2007.09.01"]
[Round "1"]
[White "Baumegger, Siegfried"]
[Black "Weber, Christoph"]
[Result "1-0"]
[WhiteElo "2434"]
[BlackElo "2131"]
[PlyCount "85"]
[EventDate "2007.09.01"]
[EventType "swiss"]
[EventRounds "9"]
[EventCountry "AUT"]
[SourceTitle "EXT 2009"]
[Source "ChessBase"]
[SourceDate "2008.11.26"]
[SourceVersion "1"]
[SourceVersionDate "2008.11.26"]
[SourceQuality "1"]

1. c4 Nf6 2. Nc3 e5 3. Nf3 Nc6 4. g3 Nd4 5. Bg2 Nxf3+ 6. Bxf3 Bc5 7. 0-0 0-0 8. d3 h6 9. Rb1 a5 10. a3 c6 11. b4 axb4 12. axb4 Bb6 13. c5 Bc7 14. b5 Qe7 15. Be3 Ra3 16. Qc1 Ra5 17. Qc2 d5 18. cxd6 Qxd6 19. Ne4 Nxe4 20. Bxe4 Qe6 21. bxc6 Ra2 22. Rb2 Rxb2 23. Qxb2 bxc6 24. Rc1 Bd7 25. Qb7 Bd6 26. Bxc6 Bxc6 27. Qxc6 Rb8 28. Kg2 h5 29. Qf3 g6 30. Rc6 Rb5 31. Ra6 Rd5 32. Qe4 Rb5 33. Qc6 Qd5+ 34. Qxd5 Rxd5 35. Ra8+ Kg7 36. Rd8 Kf6 37. Kf3 Ke6 38. Ra8 Rb5 39. Ra6 Kd5 40. Bc1 Be7 41. e4+ Kd4 42. Ke2 Rb7 43. Rc6 1-0

[Event "Pardubice Czech op"]
[Site "Pardubice"]
[Date "2007.07.26"]
[Round "7"]
[White "Weber, Christoph"]
[Black "Kryakvin, Dmitry"]
[Result "1/2-1/2"]
[WhiteElo "2131"]
[BlackElo "2554"]
[PlyCount "60"]
[EventDate "2007.07.20"]
[EventType "swiss"]
[EventRounds "9"]
[EventCountry "CZE"]
[SourceTitle "CBM 119 Extra"]
[Source "ChessBase"]
[SourceDate "2007.09.04"]
[SourceVersion "1"]
[SourceVersionDate "2007.09.04"]
[SourceQuality "1"]

1. e4 c5 2. Nf3 d6 3. d4 cxd4 4. Nxd4 Nf6 5. Nc3 Nc6 6. Bg5 e6 7. Qd2 Be7 8. 0-0-0 0-0 9. f4 h6 10. Bh4 Nxd4 11. Qxd4 Qa5 12. Bc4 e5 13. fxe5 dxe5 14. Qd3 Qc5 15. Bxf6 Bxf6 16. Nd5 Bg5+ 17. Kb1 Be6 18. h4 Bd8 19. g4 Bxg4 20. Rdf1 Kh8 21. Rhg1 f5 22. b4 Qd6 23. exf5 h5 24. f6 Bxf6 25. Qg6 Be7 26. Nxe7 Qxe7 27. Rxf8+ Rxf8 28. Rxg4 Qxb4+ 29. Ka1 Qc3+ 30. Kb1 Qb4+ 1/2-1/2

[Event "AUT-ch U16"]
[Site "Bad Ischl"]
[Date "2007.04.03"]
[Round "6"]
[White "Weber, Christoph"]
[Black "Halvax, Georg"]
[Result "1-0"]
[WhiteElo "2081"]
[BlackElo "2008"]
[PlyCount "65"]
[EventDate "2007.03.31"]
[EventType "swiss"]
[EventRounds "7"]
[EventCountry "AUT"]
[SourceTitle "EXT 2008"]
[Source "ChessBase"]
[SourceDate "2007.11.25"]
[SourceVersion "1"]
[SourceVersionDate "2007.11.25"]
[SourceQuality "1"]

1. e4 e5 2. Nf3 Nc6 3. Bb5 a6 4. Ba4 b5 5. Bb3 Bc5 6. c3 Qe7 7. 0-0 Nf6 8. d4 Bb6 9. Re1 Bb7 10. Nbd2 0-0 11. Nf1 b4 12. Ne3 bxc3 13. bxc3 exd4 14. Nd5 Qc5 15. cxd4 Nxd4 16. Be3 Nxf3+ 17. Qxf3 Qd6 18. Bf4 Qe6 19. Nxc7 Qg4 20. Nxa8 Bxa8 21. Be5 Bxe4 22. Qxg4 Nxg4 23. Rxe4 Nxf2 24. Bd4 Nxe4 25. Bxb6 Nc3 26. Re1 Nb5 27. Re7 d6 28. a4 Nc3 29. Ra7 Rb8 30. a5 d5 31. Rc7 d4 32. Rxf7 Kh8 33. Bc4 1-0

[Event "AUT-ch U16"]
[Site "Bad Ischl"]
[Date "2007.04.02"]
[Round "5"]
[White "Platzgummer, Fabian"]
[Black "Weber, Christoph"]
[Result "1/2-1/2"]
[WhiteElo "2121"]
[BlackElo "2081"]
[PlyCount "95"]
[EventDate "2007.03.31"]
[EventType "swiss"]
[EventRounds "7"]
[EventCountry "AUT"]
[SourceTitle "EXT 2008"]
[Source "ChessBase"]
[SourceDate "2007.11.25"]
[SourceVersion "1"]
[SourceVersionDate "2007.11.25"]
[SourceQuality "1"]

1. e4 c5 2. Nf3 d6 3. d4 cxd4 4. Nxd4 Nf6 5. Nc3 g6 6. Be3 Bg7 7. f3 0-0 8. Qd2 Nc6 9. 0-0-0 d5 10. Qe1 e5 11. Nxc6 bxc6 12. exd5 cxd5 13. Bg5 Be6 14. Bc4 Qc7 15. Bxf6 dxc4 16. Bxg7 Kxg7 17. h4 Rab8 18. Ne4 h6 19. g4 Rb5 20. Nc3 Rb7 21. Nd5 Bxd5 22. Rxd5 Rxb2 23. Qxe5+ Qxe5 24. Rxe5 Rxa2 25. Kd2 Rd8+ 26. Kc3 Ra3+ 27. Kxc4 Rxf3 28. Kb4 Rb8+ 29. Rb5 Rf4+ 30. c4 Rc8 31. Rc5 Rxc5 32. Kxc5 Rxg4 33. Kd5 Kf6 34. c5 Ke7 35. Ra1 Rxh4 36. Rxa7+ Kf6 37. c6 Rh1 38. c7 Rd1+ 39. Kc6 Rc1+ 40. Kd7 Kf5 41. c8Q Rxc8 42. Kxc8 g5 43. Rxf7+ Ke4 44. Rh7 g4 45. Rxh6 g3 46. Re6+ Kf3 47. Rf6+ Ke2 48. Rg6 1/2-1/2